000 01841nam0a2200325 4500
001 RU\NLR\bibl\1042113
005 20250615031322.0
010 _a5-8150-0325-5
_9150
021 _aRU
_b2006-82587
_94181
035 _a(NLR Aleph) 001029504
090 _a749541
_c749541
100 _a20070207d2006 |||y0rusy50 ca
101 0 _arus
102 _aRU
105 _aa |||||||||
200 1 _aНауки о Земле
_eгеология, гидрология, климатология и метеорология, гидрогеология
_eучебное пособие
_e[лабораторный практикум
_eдля студентов специальности 280202 (330200) "Инженерная защита окружающей среды"]
_fМ.В. Вульф, Р.А. Цыкин, Ж.Л. Цыкина
_gФедер. агентство по образованию, Гос. образоват. учреждение высш. проф. образования "Гос. ун-т цв. металлов и золота"
210 _aКрасноярск
_cГосударственный университет цветных металлов и золота
_d2006
215 _a111 с.
_cил., карт.
_d20
320 _aБиблиогр.: с. 109 (5 назв.)
606 1 _aНауки о Земле
_jУчебные издания для высших учебных заведений
_91152170
_3RU\NLR\auth\66459921
686 _aД.я73-5
700 1 _aВульф
_bМ. В.
_gМарина Викторовна
_4070
701 1 _aЦыкин
_bР. А.
_gРостислав Алексеевич
_4070
701 1 _aЦыкина
_bЖ. Л.
_gЖанна Леонидовна
_4070
801 0 _aRU
_bNLR
_c20070207
_gRCR
801 1 _aRU
_bNLR
_c20070207
830 _aавт. по кн.
942 _cBOOK
980 _aNB